Normal view MARC view

Entry Topical Term

Number of records used in: 1

001 - CONTROL NUMBER

  • control field: 1940

003 - CONTROL NUMBER IDENTIFIER

  • control field: OSt

005 - DATE AND TIME OF LATEST TRANSACTION

  • control field: 20230629122914.0

008 - FIXED-LENGTH DATA ELEMENTS

  • fixed length control field: 230629|| aca||aabn | a|a d

040 ## - CATALOGING SOURCE

  • Original cataloging agency: OSt
  • Transcribing agency: OSt

150 ## - HEADING--TOPICAL TERM

  • Topical term or geographic name entry element: Corporation law .
  • General subdivision: Ghana

670 ## - SOURCE DATA FOUND

  • Source citation: Work cat.: (OSt): Parliament of Ghana 1939, Companies Act, 2019 (Act 992). /, 2019.

If you have any concerns or questions; kindly contact the library


© Powered by WIUC ICT DIRECTORATE